Statistics for Twenty One Pilots Discography

Click here to take the quiz!

General Stats

  • This quiz has been taken 20 times
  • The average score is 42 of 54

Answer Stats

HintAnswer% Correct
Twenty One PilotsJohnny Boy
100%
BlurryfaceRide
100%
BlurryfaceStressed Out
100%
VesselCar Radio
94%
VesselHolding On To You
94%
TrenchJumpsuit
94%
BlurryfaceHeavydirtysoul
89%
VesselHouse Of Gold
89%
Twenty One PilotsMarch To The Sea
89%
TrenchPet Cheetah
89%
BlurryfaceTear In My Heart
89%
BlurryfaceThe Judge
89%
Twenty One PilotsAddict With A Pen
83%
Twenty One PilotsAir Catcher
83%
TrenchBandito
83%
TrenchChlorine
83%
Twenty One PilotsFall Away
83%
BlurryfaceGoner
83%
BlurryfaceHometown
83%
TrenchNeon Gravestones
83%
TrenchNico And The Niners
83%
VesselOde To Sleep
83%
VesselTrees
83%
BlurryfaceDoubt
78%
TrenchLevitate
78%
BlurryfaceMessage Man
78%
VesselMigraine
78%
TrenchMy Blood
78%
BlurryfacePolarize
78%
Twenty One PilotsTaxi Cab
78%
Twenty One PilotsThe Pantaloon
78%
VesselFake You Out
72%
Twenty One PilotsIsle Of Flightless Birds
72%
TrenchLeave The City
72%
BlurryfaceNot Today
72%
VesselScreen
72%
VesselSemi-Automatic
72%
TrenchSmithereens
72%
TrenchThe Hype
72%
BlurryfaceWe Don't Believe What's on TV
72%
Twenty One PilotsBefore You Start Your Day
67%
BlurryfaceFairly Local
67%
VesselGuns For Hands
67%
Twenty One PilotsImplicit Demand For Proof
67%
BlurryfaceLane Boy
67%
TrenchMorph
67%
Twenty One PilotsOh Ms Believer
67%
VesselThe Run And Go
67%
Twenty One PilotsA Car, A Torch, A Death
61%
Twenty One PilotsTrapdoor
61%
VesselTruce
61%
Twenty One PilotsFriend, Please
56%
TrenchLegend
56%
TrenchCut My Lips
39%

Score Distribution

Percentile by Number Answered

Percent of People with Each Score

Your Score History

You have not taken this quiz